00313nam a2200121Ia 4500008004100000082001600041100002000057245005300077250000800130260003100138300000700169650001500176191201s1995 xx 000 0 und d a687.15bMAT aMARTIZ, Linette 0aTracksuits and Casual Wear with your over Licker a1st aN.DelhibNew Hollandc1995 a96 aB.Tech(TE)